[Event "FRA-ch du Nord"]
[Site "France"]
[Date "2003.04.12"]
[Round "1"]
[White "Renard, Stephane"]
[Black "Dessaux, David"]
[Result "1-0"]
[WhiteElo "2026"]
[BlackElo "1530"]
[PlyCount "111"]
[EventDate "2003.04.12"]
[EventType "swiss"]
[EventRounds "7"]
[EventCountry "FRA"]
[SourceTitle "EXT 2008"]
[Source "ChessBase"]
[SourceDate "2007.11.25"]
[SourceVersion "1"]
[SourceVersionDate "2007.11.25"]
[SourceQuality "1"]

1. e4 e6 2. d3 c5 3. Nf3 Be7 4. g3 Nf6 5. Bg2 b6 6. 0-0 0-0 7. Re1 Qc7 8. e5 Nd5 9. a3 b5 10. c4 bxc4 11. dxc4 Nb6 12. Qd3 Bb7 13. Nc3 Bc6 14. Ne4 Bxe4 15. Rxe4 d5 16. cxd5 Nxd5 17. Ng5 h6 18. Rh4 Bxg5 19. Bxg5 Qxe5 20. Be7 Rc8 21. Rc1 Nc6 22. Bxc5 Qxb2 23. Rb1 Qc3 24. Qxc3 Nxc3 25. Rb3 Nd5 26. Be3 Nxe3 27. Rxe3 Rab8 28. h3 Na5 29. Ra4 Rb5 30. Bf1 Rc1 31. Kg2 Rbc5 32. Rd3 Nc6 33. Rd7 a5 34. Ba6 g5 35. Bb7 Ne5 36. Rd8+ Kg7 37. Ra8 Nc4 38. Ra6 Rc3 39. Bf3 Rxa3 40. Rxa3 Nxa3 41. Bh5 f5 42. Ra7+ Kf6 43. f4 e5 44. Ra6+ Kg7 45. Rg6+ Kh7 46. fxg5 hxg5 47. Rxg5 a4 48. Rxf5 Nc4 49. Rf7+ Kh6 50. Be2 Na5 51. Ra7 a3 52. h4 a2 53. Bd3 Kh5 54. Kh3 Rc6 55. Rh7+ Rh6 56. g4# 1-0